000 00521nam a2200205Ia 4500
003 OSt
005 20220924134751.0
006 a|||||r|||| 00| 0
007 ta
008 220923b |||||||| |||| 00| 0 ben d
024 _a287077
037 _cTextual
040 _aARTS
_cARTS
_bben
041 _2ben
_aben
082 _awn44Q72,N78, 157M4
245 0 _aBangla academi bangla desher lekhak parichiti
260 _c1984
942 _hwn44Q72,N78, 157M4
_cTEXL
_2CC
999 _c438487
_d438487